|
|
|
|
| LEADER |
00000nam0a2200000 4500 |
| 001 |
240065 |
| 005 |
20231101231722.0 |
| 010 |
|
|
|a 5628004324
|
| 020 |
|
|
|a RU
|b 90-41946
|
| 035 |
|
|
|a (RuTPU)RU\TPU\book\261313
|
| 090 |
|
|
|a 240065
|
| 100 |
|
|
|a 20130619d1990 k y0rusy5003 ca
|
| 101 |
0 |
|
|a rus
|
| 102 |
|
|
|a KZ
|
| 105 |
|
|
|a a z 001zy
|
| 200 |
1 |
|
|a Комплексная переработка шлаков цветной металлургии
|
| 210 |
|
|
|a Алма-Ата
|c Наука
|d 1990
|
| 215 |
|
|
|a 168 с.
|c ил.
|
| 320 |
|
|
|a Библиогр.: с. 153-167.
|
| 606 |
1 |
|
|a Шлаки цветных металлов
|x Переработка комплексная
|2 stltpush
|3 (RuTPU)RU\TPU\subj\19247
|9 44519
|
| 610 |
1 |
|
|a цветная металлургия
|
| 610 |
1 |
|
|a потери
|
| 610 |
1 |
|
|a железоуглеродистые расплавы
|
| 610 |
1 |
|
|a рафинирование
|
| 610 |
1 |
|
|a утилизация
|
| 610 |
1 |
|
|a извлечение
|
| 675 |
|
|
|a 669.2.054
|z rus
|
| 700 |
|
1 |
|a Шелудяков
|b Л. Н.
|g Лев Николаевич
|
| 701 |
|
1 |
|a Косьянов
|b Э. А.
|g Эрнест Алексеевич
|
| 712 |
0 |
2 |
|a Академия наук Казахской ССР (АН КазССР)
|b Институт химических наук
|2 stltpush
|3 (RuTPU)RU\TPU\col\11297
|
| 801 |
|
0 |
|a RU
|b RuMRKP
|c 19950417
|g psbo
|
| 801 |
|
1 |
|a RU
|b 63413507
|c 20130619
|
| 801 |
|
2 |
|a RU
|b 63413507
|c 20130621
|g RCR
|
| 942 |
|
|
|c BK
|